| 000 | 02398nam a2200217Ia 4500 | ||
|---|---|---|---|
| 003 | Ost | ||
| 005 | 20260507075409.0 | ||
| 008 | 260507s9999||||xx |||||||||||||| ||und|| | ||
| 040 | _cfsecg | ||
| 041 | _aara | ||
| 082 | _a600 | ||
| 100 |
_aغراب، إبراهيم سالم محمد _eمؤلف |
||
| 245 | 0 |
_aالمبادئ الرئيسية بأهم معايير المحاسبة الدولية مع عرض أسس الافصاح عن البيانات في القوائم المالية والايضاحات المتممة لها / _c إبراهيم سالم محمد غراب |
|
| 260 |
_a[دون مكان]: _b[دون ناشر], _c2008 |
||
| 300 |
_a343 صفحة؛ _bإيضاحات ؛ _c24 سم |
||
| 520 | _aيضم الافصاح عن السياسات المحاسبية، تقييم وعرض البضاعة في اطار نظام التكلفة التاريخية، البيانات المالية الموحدة، محاسبة الاستهلاك، المعلومات التي يجب الافصاح عنها في البيانات المالية، البنود غير العادية وبنود الفترات السابقة والتغيير في السياسات المحاسبية، الاحتمالات الطارئة والاحداث اللاحقة لتاريخ الميزانية العمومية، محاسبة عقود الانشاءات، محاسبة ضريبة الدخل، عرض الموجودات والمطلوبات المتداولة، التقارير المالية لقطاعات المؤسسة، المعلومات المبينة لاثار التغيير بالاسعار، محاسبة الممتلكات والمنشات والمعدات، محاسبة عقود الايجار، الاعتراف بالايراد، محاسبة منافع التقاعد في البيانات المالية لارباب العمل، محاسبة المنح الحكومية والافصاح عن المساعدات الحكومية، المحاسبة لاثار التغيير باسعار العملة الاجنبية، محاسبة مجموعة الاعمال، رسملة نفقات الاقتراض، الافصاح عن الجهات المقربة، محاسبة الاستثمارات | ||
| 653 | _aالمحاسبة | ||
| 653 | _aالمحاسبة الدولية | ||
| 700 |
_aالبيومى، محمود محمد عبد السلام _eمؤلف ثانوي |
||
| 942 | _cكتاب | ||
| 999 |
_c44365 _d44365 |
||